000
00316nam a22001337a 4500
999
_c
13657
_d
13657
020
_a
9781307453607
082
_a
338.7
100
_a
Claire Lambert
245
_a
Business Environments and Markets
250
_a
2nd edition
260
_a
Australia
_b
McGraw Hill Education
_c
2019
300
_a
329 pages
942
_c
BK